Night in the Answers - Statistics

General Stats
  • This quiz has been taken 50,621 times
    13,856 since last reset
  • The average score is 13 of 20
Answer Stats
Clue Answer % Correct
A bad dream Nightmare
97%
Van Gogh painting The Starry Night
92%
What infrared goggles can give one Night vision
86%
14 days Fortnight
85%
Movie about exhibits that come to life Night at the Museum
82%
Slang for a nocturnal person Night owl
82%
Piece of furniture next to a bed Nightstand
81%
In Spain, it's a discoteca Nightclub
70%
Way to begin a story: "It was a dark and ______ _____" Stormy night
70%
Another Shakespeare play A Midsummer Night's Dream
68%
Nurse known as the "The Lady with the Lamp" Florence Nightingale
65%
Round yon virgin mother and child Silent Night
63%
When not a creature was stirring, not even a mouse The Night Before Christmas
62%
Policeman's baton Nightstick
56%
1968 zombie movie Night of the Living Dead
55%
Collection of 1,001 stories Arabian Nights
51%
Family of plants that includes tomatoes and eggplants Nightshade
51%
British festivity on November 5th Guy Fawkes Night / Bonfire Night
49%
Shakespeare play Twelfth Night
39%
Rembrandt masterpiece The Night Watch
32%
No matching quizzes found
Score Distribution
Percent of People with Each Score
Percentile by Number Answered
Your Score History
You have not taken this quiz since the last reset